Представление документа в формате RUSMARC

ПолеНазваниеЗначение
  Тип записи a
  Библиографический уровень a
001 Контрольный номер RU/CBS_UL/BASE/233a1c869a474d018ea0e9d78dfa1858
005 Дата корректировки 20230128184409.1
100 Данные общей обработки __
a Данные общей обработки 20230128 ||| 0rusy0189 ca
101 Язык документа 0_
a Язык текста rus
102 Страна публикации __
a Страна публикации RU
200 Заглавие и сведения об ответственности 1_
a Заглавие Погибшие на съёмках
e Сведения, относящиеся к заглавию [об актёрах, которые погибли при съёмках фильмов]
300 Общие примечания __
a Общие примечания 16+
300 Общие примечания __
a Общие примечания Содерж. : С. Бодров. Горы стали его могилой ; И. Бурдученко. Сгорела на работе ; В. Шукшин. Сердце не выдержало ; А. Краско. Алкоголь доконал ; Е. Урбанский. Последний трюк ; А. Ростоцкий. Валун-обманка
461 Уровень набора _0
1 2000
a Дарья. Биография
463 Уровень физической единицы _0
1 2000
a № 6
v С. 40-41 : фот.
1 2101
d 2021
1 001RU/CBS_UL/BASE/677805657
600 Персоналии _1
a Персоналии (Фамилия) Бодров
b Персоналии (Имя, инициалы) С.С.
600 Персоналии _1
a Персоналии (Фамилия) Бурдученко
b Персоналии (Имя, инициалы) И.Г.
600 Персоналии _1
a Персоналии (Фамилия) Шукшин
b Персоналии (Имя, инициалы) В.М.
600 Персоналии _1
a Персоналии (Фамилия) Урбанский
b Персоналии (Имя, инициалы) Е.Я.
600 Персоналии _1
a Персоналии (Фамилия) Краско
b Персоналии (Имя, инициалы) А.И.
600 Персоналии _1
a Персоналии (Фамилия) Ростоцкий
b Персоналии (Имя, инициалы) А.С.
606 Тематические рубрики 0_
a Основная рубрика Актёры - СССР - Российская Федерация
610 Ключевые слова 0_
a Ключевые слова кино советское
610 Ключевые слова 0_
a Ключевые слова кино российское
610 Ключевые слова 0_
a Ключевые слова актёры
610 Ключевые слова 0_
a Ключевые слова актёра театра и кино
610 Ключевые слова 0_
a Ключевые слова актёры российские
610 Ключевые слова 0_
a Ключевые слова актёры советские
686 Индексы других классификаций __
a Классификационный индекс 85.374(2)
2 Код системы ББК
801 Источник записи _0
a Страна RU
b Организация МБУК ЦБС г. Ульяновска
c Дата составления 20230128
g Правила каталогизации RCR
801 Источник записи _1
a Страна RU
b Организация МБУК ЦБС г. Ульяновска
c Дата составления 20230128
g Правила каталогизации RCR
901 Тип документа __
t Тип документа b
w Контрольный № источника RU/CBS_UL/BASE/677805657